000 00457nam a2200169Ia 4500
003 OSt
008 191201s2012 xx 000 0 und d
020 _a9788120329683
082 _a004
_bMIT
100 _aMISHRA, K. L. P.
245 0 _aTheory of Computer Science Automata, Languages and Computation
250 _a3rd
260 _aN.Delhi
_bPrentice Hall India Learning Private Limited
_c2012
300 _a422
650 _aB.Tech(CSE)
942 _2ddc
_cBK
999 _c4119
_d4119